000 00383nam a22001577a 4500
003 OSt
005 20240419160101.0
008 240419b |||||||| |||| 00| 0 eng d
040 _cMRSPTU
100 _aOsho (ओशो )
245 _aAntyatra (अन्तयात्रा)
250 _a1st
260 _aDelhi
_bAnkur Publications
_c1990
300 _a166
942 _2ddc
_cBK
_n0
999 _c10126
_d10126